Statistics for All NFL Starting Quarterbacks of Super Bowl Era

Click here to take the quiz!

General Stats

  • This quiz has been taken 9,134 times
    (1,320 since last reset)
  • The average score is 190 of 643

Answer Stats

Answer% Correct
Tom Brady
94%
Eli Manning
93%
Peyton Manning
93%
Alex Smith
92%
Archie Manning
92%
Geno Smith
92%
Akili Smith
91%
Ron C Smith
91%
Rusty Smith
91%
Troy Smith
91%
Aaron Rodgers
90%
Patrick Mahomes
88%
Russell Wilson
88%
Zach Wilson
88%
Brett Favre
87%
Dave Wilson
87%
George Wilson
87%
Mac Jones
87%
Marc Wilson
87%
Wade Wilson
87%
Bert Jones
86%
Bryce Young
86%
Daniel Jones
86%
JJ Jones
86%
Josh Allen
86%
June Jones
86%
Lamar Jackson
86%
Landry Jones
86%
Steve Young
86%
Drew Brees
85%
Jarious Jackson
85%
Vince Young
85%
Ben Roethlisberger
84%
Brandon Allen
84%
Joe Montana
84%
Kyle Allen
84%
Matthew Stafford
84%
Matt Ryan
84%
Tarvaris Jackson
84%
Frank Ryan
83%
Joe Flacco
83%
Pat Ryan
83%
Dak Prescott
82%
David Carr
82%
Derek Carr
82%
Kirk Cousins
81%
Baker Mayfield
80%
Jared Goff
80%
Kyler Murray
79%
Philip Rivers
79%
Bobby Hebert
78%
Dan Marino
78%
Deshaun Watson
78%
Jimmy Garoppolo
78%
Justin Herbert
78%
Ryan Tannehill
78%
Tony Romo
77%
Tua Tagovailoa
77%
Cam Newton
76%
Joe Burrow
76%
Terry Bradshaw
76%
Brad Johnson
75%
Charley Johnson
75%
Doug Johnson
75%
Josh Johnson
75%
Randy Johnson
75%
Rob Johnson
75%
Jalen Hurts
74%
Jameis Winston
74%
Jordan Love
74%
Jim Kelly
73%
John Elway
73%
Justin Fields
73%
Troy Aikman
73%
Andy Dalton
72%
Carson Wentz
72%
Kurt Warner
72%
Trevor Lawrence
72%
Andrew Luck
71%
Bart Starr
71%
Carson Palmer
71%
Larry Lawrence
71%
Michael Vick
71%
Oliver Luck
71%
Terry Luck
71%
Jesse Palmer
70%
Brock Purdy
69%
Tyrod Taylor
68%
Drew Bledsoe
67%
Nick Foles
67%
Ryan Fitzpatrick
67%
Anthony Brown
66%
Anthony Richardson
66%
Carlos Brown
66%
Dave Brown
66%
Warren Moon
66%
Bucky Richardson
65%
Joe Namath
65%
Kenny Pickett
65%
Cody Pickett
64%
Danny White
64%
Donovan McNabb
64%
Drew Lock
64%
Mike White
64%
CJ Stroud
63%
Jay Cutler
63%
Marcus Mariota
63%
Mitchell Trubisky
63%
Roger Staubach
63%
Johnny Unitas
62%
Fran Tarkenton
61%
Gardner Minshew
60%
Robert Griffin III
60%
Sam Darnold
59%
Teddy Bridgewater
59%
Colin Kaepernick
58%
Doug Williams
57%
Mason Rudolph
57%
Blake Bortles
56%
Desmond Ridder
56%
Matt Hasselbeck
56%
Matt Schaub
56%
Randall Cunningham
56%
Joshua Dobbs
55%
Daunte Culpepper
54%
Dorian Thompson Robinson
54%
Derek Anderson
53%
Jacoby Brissett
53%
Ken Anderson
53%
Mark Sanchez
53%
Sam Bradford
53%
Steve McNair
53%
Chris Simms
51%
Phil Simms
51%
Taysom Hill
51%
Vinny Testaverde
51%
King Hill
50%
Shaun Hill
50%
Trent Green
50%
Trey Lance
50%
Will Levis
50%
Bob Griese
49%
Jim McMahon
49%
Joe Theismann
49%
Johnny Manziel
49%
Len Dawson
49%
Sam Howell
49%
Taylor Heinicke
49%
Boomer Esiason
48%
Josh Rosen
48%
Bailey Zappe
47%
Brian Griese
47%
Dan Fouts
47%
Davis Mills
47%
Mike McMahon
47%
Case Keenum
46%
Chad Henne
46%
Jack Thompson
45%
JaMarcus Russell
45%
Rich Gannon
45%
Skylar Thompson
45%
Ken Stabler
44%
Rodney Peete
44%
Trent Dilfer
44%
Tyler Huntley
44%
Blaine Gabbert
43%
Jake Delhomme
43%
Jim Harbaugh
43%
Kerry Collins
43%
Trevor Siemian
43%
Colt McCoy
42%
Jeff Garcia
42%
Tim Hasselbeck
42%
Tim Tebow
42%
Todd Collins
42%
Brock Osweiler
40%
Josh McCown
40%
Luke McCown
40%
Tommy DeVito
40%
Aidan O Connell
39%
Matt Cassel
39%
PJ Walker
39%
Chad Pennington
38%
Jim Plunkett
38%
Josh Freeman
38%
Mark Brunell
38%
Nick Mullens
38%
Rex Grossman
38%
Brian Hoyer
37%
Jake Plummer
37%
Malik Willis
37%
Milt Plum
37%
Paxton Lynch
37%
Brett Rypien
36%
Cooper Rush
36%
Mark Rypien
36%
Peter Tom Willis
36%
Tim Couch
36%
Chase Daniel
35%
Doug Flutie
35%
Easton Stick
35%
EJ Manuel
35%
Jeff George
35%
Kellen Moore
35%
Kordell Stewart
35%
Matt Moore
35%
Jon Kitna
34%
Austin Davis
33%
Bob Davis
33%
CJ Beathard
33%
Dwayne Haskins
33%
Kent Graham
33%
Ryan Leaf
33%
Bernie Kosar
32%
Christian Ponder
32%
Jake Browning
32%
Jake Locker
32%
Jarrett Stidham
32%
Jim Hart
32%
Leo Hart
32%
Matt Flynn
32%
Ron Jaworski
32%
David Garrard
31%
DeShone Kizer
31%
Jaren Hall
31%
Kyle Orton
31%
Matt Leinart
31%
Matt Robinson
31%
Max Hall
31%
Pete Beathard
31%
Quincy Carter
31%
Virgil Carter
31%
Brandon Weeden
30%
Chris Miller
30%
Jim Miller
30%
Aaron Brooks
29%
Brady Quinn
29%
Byron Leftwich
29%
Chris Chandler
29%
Elvis Grbac
29%
Jason Campbell
29%
Jeff Hostetler
29%
Jonathan Quinn
29%
Mike Glennon
29%
Neil O Donnell
29%
Scott Campbell
29%
Tony Eason
29%
Brian Sipe
28%
James Harris
28%
Marc Bulger
28%
Craig Morton
27%
Dave Krieg
27%
Jim Everett
27%
Nathan Peterman
27%
Scott Mitchell
27%
AJ McCarron
26%
Dan Orlovsky
26%
Don Majkowski
26%
George Blanda
26%
Thad Lewis
26%
Ben DiNucci
25%
Doug Pederson
25%
Earl Morrall
25%
Frank Reich
25%
Joey Harrington
25%
Neil Lomax
25%
Shaun King
25%
Steve Bartkowski
25%
Steve Beuerlein
25%
Tommy Maddox
25%
Daryle Lamonica
24%
Erik Kramer
24%
Jim Zorn
24%
Ken O Brien
24%
Kyle Boller
24%
Seneca Wallace
24%
Sonny Jurgensen
24%
Steve DeBerg
24%
Tim Boyle
24%
Tommy Kramer
24%
Brett Hundley
23%
Dick Wood
23%
Gary Wood
23%
J P Losman
23%
Steve Grogan
23%
Trent Edwards
23%
Bob Lee
22%
Charlie Batch
22%
Jacky Lee
22%
Jay Fiedler
22%
John Hadl
22%
Kevin Kolb
22%
Lynn Dickey
22%
Stan Humphries
22%
Trace McSorley
22%
Charlie Whitehurst
21%
Connor Cook
21%
David Whitehurst
21%
Greg Cook
21%
Jamie Martin
21%
Jeff Blake
21%
Roman Gabriel
21%
Tyson Bagent
21%
Billy Kilmer
20%
Davis Webb
20%
Ian Book
20%
Jimmy Clausen
20%
Joe Ferguson
20%
Joe Webb
20%
John Brodie
20%
Bubby Brister
19%
Connor Shaw
19%
Curtis Painter
19%
Devlin Hodges
19%
Don Meredith
19%
Gus Frerotte
19%
Jack Kemp
19%
Jay Schroeder
19%
Jeff Kemp
19%
Joe Kapp
19%
Matt Barkley
19%
Rick Mirer
19%
Ryan Mallett
19%
Tony Adams
19%
Tony Banks
19%
Anthony Wright
18%
Bobby Douglass
18%
Cade McNown
18%
Dan Pastorini
18%
David Blough
18%
Dennis Shaw
18%
Greg Landry
18%
Jake Fromm
18%
Jason Garrett
18%
Jeff Driskel
18%
Koy Detmer
18%
Patrick Ramsey
18%
Randy Wright
18%
Shane Matthews
18%
Steve Matthews
18%
Steve Ramsey
18%
TJ Yates
18%
Tom Ramsey
18%
Ty Detmer
18%
Vince Evans
18%
Vince Ferragamo
18%
Bruce Gradkowski
17%
Cotton Davidson
17%
David Woodley
17%
Kendall Hinton
17%
Mark Malone
17%
Mike Tomczak
17%
Richard Todd
17%
Sam Ehlinger
17%
Steve Walsh
17%
Terrelle Pryor
17%
Todd Blackledge
17%
Andre Ware
16%
Billy Joe Tolliver
16%
Chris Weinke
16%
Chuck Long
16%
Clayton Tune
16%
Dieter Brock
16%
Gary Danielson
16%
John Skelton
16%
Norm Snead
16%
Sean Mannion
16%
Steve Bono
16%
Steve Spurrier
16%
Zach Mettenberger
16%
Chris Redman
15%
Drew Stanton
15%
Gale Gilbert
15%
Garrett Gilbert
15%
John Beck
15%
John Wolford
15%
Kelly Holcomb
15%
Paul McDonald
15%
Quinn Gray
15%
Scott Hunter
15%
Stoney Case
15%
Wayne Clark
15%
Bill Kenney
14%
Bobby Scott
14%
Brian Brohm
14%
Cleo Lemon
14%
Cody Kessler
14%
Gary Lane
14%
Joe Reed
14%
Kent Nix
14%
Scott Tolzien
14%
Steve Fuller
14%
Tom Flores
14%
Tom Savage
14%
AJ Feeley
13%
Babe Parilli
13%
Brodie Croyle
13%
Bryce Petty
13%
Cody Carlson
13%
Dewey Warren
13%
Don Strock
13%
Gary Kubiak
13%
Heath Shuler
13%
Jeff Carlson
13%
JT O Sullivan
13%
Matt McGloin
13%
Will Grier
13%
Andrew Walter
12%
Bill Nelsen
12%
Bob Berry
12%
Danny Kanell
12%
Dave Walter
12%
Dennis Dixon
12%
Dennis Morrison
12%
Eric Hipple
12%
Gary Cuozzo
12%
Kellen Clemens
12%
Ken Dorsey
12%
Matt Stevens
12%
Pat Haden
12%
Randy Dean
12%
Ray Lucas
12%
Ryan Finley
12%
Todd Marinovich
12%
Tyler Thigpen
12%
Billy Joe Hobert
11%
Brooks Bollinger
11%
Caleb Hanie
11%
Craig Erickson
11%
David Klingler
11%
Eric Zeier
11%
Gary Hogeboom
11%
Greg McElroy
11%
Jack Trudeau
11%
Jake Luton
11%
John Friesz
11%
Kevin Hogan
11%
Mike Livingston
11%
Mike Pagel
11%
Milke Phipps
11%
Pat Sullivan
11%
Sean Salisbury
11%
Spergon Wynn
11%
Tim Rattay
11%
Tom Owen
11%
Tom Tupa
11%
Zeke Bratkowski
11%
Brock Huard
10%
Bryce Perkins
10%
Chad Hutchinson
10%
Charlie Frye
10%
Cliff Stoudt
10%
Damon Huard
10%
Danny Wuerffel
10%
David Archer
10%
Gifford Nielsen
10%
Jerry Rhome
10%
Mike Buck
10%
Ryan Lindley
10%
Todd Bouman
10%
Tom Kennedy
10%
Tyler Palko
10%
Alex Van Pelt
9%
Bob Avellini
9%
Bobby Hoying
9%
Craig Krenzel
9%
Dan McGwire
9%
Drew Henson
9%
Gary Huff
9%
Hugh Millen
9%
Jim Druckenmiller
9%
John Reaves
9%
Luke Falk
9%
Matt Mauck
9%
Sage Rosenfels
9%
Stephen McGee
9%
Steve Bradley
9%
Steve Dils
9%
Steve Stenstrom
9%
Terry Hanratty
9%
Timm Rosenbach
9%
Art Schlichter
8%
Babe Laufenberg
8%
Bill Munson
8%
Billy Volek
8%
Blair Kiel
8%
Brian St Pierre
8%
Browning Nagle
8%
Buddy Humphrey
8%
Clint Longley
8%
Clint Stoerner
8%
Dave Mays
8%
George Mira
8%
Jack Concannon
8%
Jeff Tuel
8%
Joe Gilliam
8%
Joe Pisarcik
8%
John Fourcade
8%
John Huarte
8%
Kim McQuilken
8%
Mark Herrmann
8%
Marlin Briscoe
8%
Marques Tuiasosopo
8%
Mike Busch
8%
Mike Kelley
8%
Rick Norton
8%
Scott Zolak
8%
Steve Myer
8%
Steve Sloan
8%
Turk Schonert
8%
Dave Ragone
7%
Glenn Carano
7%
Glenn Foley
7%
Jeff Rutledge
7%
Jim Ninowski
7%
Kelly Stouffer
7%
Marty Domres
7%
Matt Cavanaugh
7%
Mike Moroski
7%
Mike Rae
7%
Mike Taliaferro
7%
Norris Weese
7%
Parnell Dickinson
7%
Paul Justin
7%
Ron Vander Kelen
7%
Sam Wyche
7%
Scott Bull
7%
Stan Gelbaugh
7%
Steve Pelluer
7%
Steve Tensi
7%
Tim Van Galder
7%
Todd Philcox
7%
Bill Musgrave
6%
Bob Gagliano
6%
Dan Darragh
6%
Dan Manucci
6%
David Humm
6%
Dick Shiner
6%
Don Horn
6%
Doug Hudson
6%
Erik Wilhelm
6%
Guido Merkens
6%
Jerry Golsteyn
6%
Jerry Tagge
6%
Jim Del Gaizo
6%
John Navarre
6%
John Stofa
6%
Karl Sweetan
6%
Kay Stephenson
6%
Ken Karcher
6%
Kurt Kittner
6%
Larry Cipa
6%
Mark Vlasic
6%
Mike Boryla
6%
Mike Kruczek
6%
Moses Moreno
6%
Reggie Collier
6%
Rick Neuheisel
6%
Rudy Bukich
6%
Rusty Hilger
6%
Scott Brunner
6%
Steve Pisarkiewicz
6%
Tommy Hodson
6%
Alan Risher
5%
Brad Goebel
5%
Craig Penrose
5%
Craig Whelihan
5%
Doug Nussmeier
5%
Gary Keithley
5%
Henry Burris
5%
Jeff Christensen
5%
John Hufnagel
5%
Kyle Mackey
5%
Larry Rakestraw
5%
Max Choboian
5%
Mike Kirkland
5%
Rick Arrington
5%
Terry Nofsinger
5%
Tom Sherman
5%
Tony Graziani
5%
Will Furrer
5%
Al Woodall
4%
Bill Troup
4%
Brian McClure
4%
Bruce Lemmerman
4%
Cliff Olander
4%
Don Trull
4%
Edd Hargett
4%
Ed Luther
4%
Frank Seurer
4%
George Izo
4%
Jeff Komlo
4%
Kevin Sweeney
4%
Pete Liske
4%
Randy Fasani
4%
Randy Hedberg
4%
Sammy Garza
4%
Scott Secules
4%
Anthony Dilweg
3%
Brock Berlin
3%
Bruce Mathison
3%
Chuck Pastrana
3%
Dennis Claridge
3%
Donald Hollas
3%
Don Millan
3%
Ed Rutkowski
3%
Jesse Freitas
3%
Jim LeClair
3%
John McCormick
3%
John Witkowski
3%
Keith Null
3%
Matt Kofler
3%
Matt Lytle
3%
Mike Loyd
3%
Scott Covington
3%
Willie Totten
3%
Adrian Breen
2%
Bill Demory
2%
Brent Pease
2%
Cary Conklin
2%
David Norrie
2%
Don Gault
2%
Ed Rubbert
2%
Gary Marangi
2%
Jeb Blount
2%
Jeff Van Raaphorst
2%
Joe Dufek
2%
Mickey Slaughter
2%
Mike Hohensee
2%
Neil Graff
2%
Rusty Lisch
2%
Scotty Glacken
2%
Shawn Halloran
2%
Todd Hons
2%
Tom Flick
2%
Bob Bleier
1%
Jim Crocicchia
1%
Scott Tinsley
1%
TJ Rubley
1%
Will Cureton
1%

Score Distribution

Percentile by Number Answered

Percent of People with Each Score

Your Score History

You have not taken this quiz since the last reset